| 000 | 00697nam a2200193Ia 4500 | ||
|---|---|---|---|
| 008 | 0000001999 usa 0000000000eng00 | ||
| 090 | _aPUS00 K69k | ||
| 100 | 1 |
_aKozik, K.K. _d1961 |
|
| 245 | 1 | 0 |
_aK.K. Kozik _b: Wild Kingdom |
| 300 |
_a14 p. _c/ 21 cm. |
||
| 500 | _aExposición realizada en Flippo Gallery, Ashland, 2000 \ Con el patronazgo del maestro venezolano Jesús Rafael Soto (q.e.p.d.) | ||
| 600 | 0 | 0 |
_aKOZIK, K. K., 1961/ _xTRABAJOS PICTORICOS |
| 650 | 1 | 4 | _aARTE CONTEMPORANEO ESTADOUNIDENSE |
| 650 | 1 | 4 | _xCATALOGOS |
| 650 | 1 | 4 | _xEXPOSICIONES |
| 650 | 1 | 4 | _aPINTORES ESTADOUNIDENSES |
| 650 | 1 | 4 | _aPINTURA ESTADOUNIDENSE |
| 999 |
_c2745 _d2745 |
||
| 260 |
_aNew York : Roebling Hall _c1999 |
||